000 01172 a2200229 4500
001 31688
005 20260407155620.0
008 260407a2013 arg spa d
003 AR-UNSa-BCEJYS
040 _aAR-UNSa-BCEJYS
_bspa
_cAR-UNSa-BCEJYS
080 _a342.924
_xActos legales. Actos administrativos. (Procesal administrativo)
245 1 0 _aHacia la superación de la categoría del interés legítimo
_pun nuevo enfoque sobre la situaciones jurídicas subjetivas del derecho administrativo
020 _a978-987-694-006-1
264 1 _aBuenos Aires :
_bEdiciones Rap
_c2013
300 _a206 p.
_c20 cm.
505 _a1. Descripción de las situaciones jurídicas subjetivas activas reconocidas en la LNPA y en el RLNPA - 2. Evaluación y critíca de las categorías jurídicas existentes - 3. La unificación de todas las categorías jurídicas en el derecho subjetivo - 4. Conclusiones
041 _aspa
942 _cBK
590 _aniveau_biblio:m niveau_hierar:0
100 1 _aDates, Luis E.
856 4 1 _uhttps://biblioeco.unsa.edu.ar/pmb/images/libros/Hacia la superacion de la categoria del interes legitimo-l125121.jpg
_yImagen de portada
_qimage/jpeg
999 _c2210
_d2210